World of great stories (Record no. 34235)

MARC details
000 -LEADER
fixed length control field 00279nam a2200121Ia 4500
082 ## - DEWEY DECIMAL CLASSIFICATION NUMBER
Classification number 82-3
Item number HAY
100 ## - MAIN ENTRY--AUTHOR NAME
Personal name Cournos, J
245 #0 - TITLE STATEMENT
Title World of great stories
260 ## - PUBLICATION, DISTRIBUTION, ETC. (IMPRINT)
Place of publication New York
Name of publisher Arenal
700 ## - ADDED ENTRY--PERSONAL NAME
Personal name Haydon, H
942 ## - ADDED ENTRY ELEMENTS (KOHA)
Koha item type Books
Holdings
Withdrawn status Lost status Damaged status Not for loan Home library Current library Date acquired Full call number Accession Number Koha item type
      Write off RRII Library RRII Library 16/12/2021 82-3 HAY 14674 Books